Cover plants, weeds and weed killers (Record no. 56479)

MARC details
000 -LEADER
fixed length control field 00323nam a2200133Ia 4500
100 ## - MAIN ENTRY--AUTHOR NAME
Personal name Watson G A
245 #0 - TITLE STATEMENT
Title Cover plants, weeds and weed killers
260 ## - PUBLICATION, DISTRIBUTION, ETC. (IMPRINT)
Name of publisher Planter
Year of publication 1964
300 ## - PHYSICAL DESCRIPTION
Number of Pages 347-350,368
650 ## - SUBJECT ADDED ENTRY--TOPICAL TERM
Topical Term Cover plants
650 ## - SUBJECT ADDED ENTRY--TOPICAL TERM
Topical Term Weed killers
942 ## - ADDED ENTRY ELEMENTS (KOHA)
Koha item type Journals
Holdings
Withdrawn status Lost status Damaged status Not for loan Home library Current library Shelving location Date acquired Serial Enumeration / chronology Koha item type
      Journals RRII Library RRII Library Soils and agonomy 17/12/2021 Volume 40, Issue Journals